000 00471cam a2200181ua 4500
020 _c8.50
041 _aeng
_h
082 _a530
_bSUT/DE
100 _aSutton, Richard Manliffe .
245 0 0 _aDemonstration experiments in physics /
_cRichard Manliffe Sutton.
_hTextual Documents
250 _a1 /
_b.
260 _aNew York :
_bMcGraw Hill Book Company ,
_c1938.
300 _a545 ; .
365 _a8.50
504 _a
942 _cBK
999 _c7405
_d7405